=LDR 00000nam 2200000 4500 =001 000262 =990 ##$$a TBM202500071 =005 20250710122653 =035 ##$$a 0010-0725000096 =245 1#$$a Mainan Untuk Hana /$c Yuniar Khairani =100 #$$a Khairani, Yuniar =250 ##$$a Cetakan Pertama =300 ##$$a 28 hlm : $b ilus. ; $c 29,7 cm =856 ##$$a TBM AS SUHADA =260 ##$$a Jakarta Timur :$b Badan Pengembangan dan Pembinaan Bahasa,$c 2022 =082 ##$$a 398.209 598 =084 ##$$a 398.209 598 KHA m =020 ##$$a 978-623-307-211-3 =600 #4$$a Cerita anak-Indonesia =650 #4$$a Literasi-Bahan Bacaan